000
00339 a2200169 4500
001
183261
020
_a
040
_c
Magnum
100
_a
Ecke, Wolfgang
240
1
0
_a
A longa fuga
_l
por
245
1
0
_a
A longa fuga
300
_a
170
362
0
_a
1966
440
1
_a
Record
697
_a
LITERATURA GERAL ESTRANGEIRA
942
_c
BK
999
_c
183261
_d
183261